00482 2200181 4500001002100000005001800021008004100039035002400080090001800104100001400122245005000136250001600186260002700202300002700229650001400256850001500270999001500285YOGYA-1010000000249420101005101900276 ind  0010-101000000002494 aDEP 657 SUW A aSUWARJONO aAkuntansi pengantar: buku kerja dan pelengkap aEd. 2 Cet.1 aYogyakartabBPFEc1991 a... bag.: ilus.; 29 cm aakuntansi aYOPDYOG[B] a94P0052672